000 00645nam a2200253Ia 4500
005 20260121114210.0
008 008 260114s9999 xx 000 0 eng d
020 _a9781119804208
037 _aEBOOK
040 _aCRL
040 _beng
040 _cCRL
041 _2eng
041 _aeng
084 _qCRL
100 _aYves-Alain Ach
_9972054
245 0 _aFinancial Information and Brand Value - Reflections, Challenges and Limitations
260 _bWiley
260 _c2020
856 _uhttps://onlinelibrary.wiley.com/doi/book/10.1002/9781119804208
942 _cEBOOK
999 _c1551308
_d1551308